ბათუმის შოთა რუსთაველის სახელმწიფო უნივერსიტეტის ბიბლიოთეკა

ლაბორატორიული სამუშაოები თბოფიკაციისა და თბური ქსელების კურსში. (ბიბ.ჩანაწერი № 39821)

000 -LEADER
fixed length control field 00765nam a2200193Ia 4500
001 - CONTROL NUMBER
control field 6426
003 - CONTROL NUMBER IDENTIFIER
control field GE_BSU
008 - FIXED-LENGTH DATA ELEMENTS--GENERAL INFORMATION
fixed length control field 181216s||||||||xx |||||||||||||| ||und||
040 ## - CATALOGING SOURCE
Transcribing agency GE_BSU
080 ## - UNIVERSAL DECIMAL CLASSIFICATION NUMBER
Universal Decimal Classification number 621.396(076)
245 ## - TITLE STATEMENT
Title ლაბორატორიული სამუშაოები თბოფიკაციისა და თბური ქსელების კურსში.
245 ## - TITLE STATEMENT
Statement of responsibility, etc. შემდგ.:გ.ლეჟავა, გ.ხარაბაძე, თ.ლომთაძე. რედ. მ.ძიძიგური.
260 ## - PUBLICATION, DISTRIBUTION, ETC.
Place of publication, distribution, etc. თბ.
260 ## - PUBLICATION, DISTRIBUTION, ETC.
Name of publisher, distributor, etc. სპი.
260 ## - PUBLICATION, DISTRIBUTION, ETC.
Date of publication, distribution, etc. 1979.
300 ## - PHYSICAL DESCRIPTION
Extent 96გვ; 20სმ.
653 ## - INDEX TERM--UNCONTROLLED
Uncontrolled term მაძლიერებელი მოწყობილობები.
942 ## - ADDED ENTRY ELEMENTS (KOHA)
Koha item type წიგნი

არაა ხელმისაწვდომი ეგზემპლარები.